000 00796nam a2200229 4500
001 80060
003 BD-RjUL
005 20220629143710.0
008 220629s1313 ua ||||| |||| 00| 0 ara d
035 _a(BD-RjUL)80060
040 _aBD-RjUL
_beng
_cBD-RjUL
041 _aara
082 _223
_a892.71
_bIBD 1895
100 1 _a[Ibn Attia Jarir] ابن عطية , جرير
_93947
245 1 0 _a ديوان نادرة زمانه وفريد عصره واوانه جرير بن عطية الخطف ;; diwan nadirat zamanih wafarid easrah wawanah jarir bn eatiat alkhatfi. /
_cJarir Bin Atti ;; جرير بن عطية
260 _aMisr :
300 _av. ,;
_c19 cm
505 _avol.1-2
650 _aالشعر والشعراء
_93948
650 _aPoetry and Poets
_93949
942 _2ddc
_cBK
999 _c80060
_d80060